000 00500nam a22001817a 4500
003 OSt
005 20181010144631.0
008 180322b xxu||||| |||| 00| 0 eng d
020 _a8185790132
040 _cDNLM
082 _aQV744 M11a 1991
100 _aMahadik, K. R. ; Kuchekar, B. S.
_912726
245 _aConcise Inorganic Pharmaceutical Chemistry
260 _aJogeshwari; Niral Prakashan, 1991
300 _a217p; ill: 22cm
650 _aPharmaceutical chemistry
_91575
942 _2z
_cSLOAN
999 _c6071
_d6071